=LDR 00000nam 2200000 4500 =001 INLIS000000000026638 =005 20130612125051 =008 ***********************************ind** =035 ##$$0010-061300000026638 =041 ##$$a ind =082 ##$$a 657 =090 ##$$a 657, TAN p =100 ##$$a Tanujaya, Edward =245 ##$$a Praktikum Akutansi keuangan lanjutan 1 Buku 1, Kasus, Edward Tanujaya; editor, Krista =260 ##$$a 2007 $b Jakarta =300 ##$$a vi, 32 hlm., 25 cm =650 ##$$a Akutansi =700 ##$$a Krista =850 ##$$a NBPNMAT